000 01176nam0a22003011 4500
001 v19\rc\1640054
005 20260407003221.0
035 _a(NLR Aleph) 004753529
090 _a4548531
_c4548531
100 _a20061002d1903 |||y0rusy50 ca
101 0 _arus
102 _aRU
105 _ay z |||||
200 1 _aСостояние скотоводства в Казанской губернии зимой 1902-1903 года и весной 1903 г.
_f(Сост. Стат. отд-нием Казан. губ. зем. управы по сообщ. корреспондентов)
210 _a[Казань]
_dценз. 1903
215 _a7 с.
_d21
309 _aБез тит. л. и обл.
712 0 2 _aКазанская губ. земская управа
_bСтатистическое отделение
_9484262
_3RU\NLR\AUTH\889993832
801 0 _aRU
_bNLR
_gpsbo
801 0 _aRU
_bRuMoRGB
_2psbo
801 1 _aRU
_bProSoft-M
_2rusmarc
852 _aNLR
_bЗем
_j13/387
899 _aRuMoRGB (1902-1903)
_jO 54/326
899 _aRuMoRGB (1902-1903)
_jO 41/409
899 _aБАН (1902-1903)
899 _aНБ МГУ (1902-1903)
942 _cBOOK
980 _aNB